000
00229nam a2200097Ia 4500
001
779585
005
20250826165947.0
008
250824s9999 xx 000 0 und d
245
0
_a
HACI MURAT
_c
TOLSTOY
260
_b
AKVARYUM YAYINLARI
999
_c
779585
_d
779585